The Sanford Fleming 3 pence essay to be offered as lot #42 during te 1,600 lot auction... (Record no. 2791)

000 -LEADER
fixed length control field 00422nam a22000977a 4500
008 - FIXED-LENGTH DATA ELEMENTS--GENERAL INFORMATION
fixed length control field 180702b ||||| |||| 00| 0 eng d
100 ## - MAIN ENTRY--AUTHOR'S NAME
Author's Name Firby, Charles Auctions
245 ## - TITLE STATEMENT
Title The Sanford Fleming 3 pence essay to be offered as lot #42 during te 1,600 lot auction...
260 ## - PUBLICATION, DISTRIBUTION, ETC. (IMPRINT)
Name of publisher, distributor, etc. Charles G. Firby Auctions
Date of publication, distribution, etc. 1996
650 ## - TOPICAL TERM (Tag)
Topical term or geographic name Essays and proofs--Canada--Auction catalogs | Postage-stamps--Canada--Auction catalogs | Fleming, Sanford
Holdings
Withdrawn status Lost status Source of classification or shelving scheme Damaged status Koha normalized classification for sorting Not for loan Collection code Permanent Location Current Location Shelving location Date acquired Total Checkouts Full call number Barcode Date last seen Copy number Price effective from
        G3401 E78 F522     Northern Philatelic Library Northern Philatelic Library General Stacks 07/02/2018   G3401 E78 F522 1005175 07/02/2018 1 07/02/2018

Powered by Koha